• 首页
  • 本馆介绍
  • 公告通知
  • 最新文献
  • 馆藏检索
  • 电子资源
  • 读者导购
  • 参考咨询
  • 我的图书馆
  • 登录
  • 详细信息显示
  • 放入我的书架
  • 预约/预借图书
  • 作者相关作品
  • 分类相关作品
  • 丛书相关作品
  • 出版社相关作品

书目信息

  • 表格格式
  • 工作单格式
  • 卡片格式
题名:
教育要给学生留下什么
    
 
作者: 华应龙 著
分册:  
出版信息: 北京   中国人民大学出版社  2020.8
页数: 233页
开本: 24cm
丛书名:
单 册:
中图分类: G612 , G632.0
科图分类:
主题词: 学前教育--教育研究 , 中小学教育--教育研究
电子资源:
ISBN: 978-7-300-27649-6
000 01120nam0 2200313 45
001 012001000161
005 20140817151631.0
010    @a978-7-300-27649-6@dCNY58.00
099    @aCAL 012020004061
100    @a20200107d2019 em y0chiy0110 ea
101 0  @achi
102    @aCN@b110000
105    @ay z 000yy
106    @ar
200 1  @a教育要给学生留下什么@Ajiao yu yao gei xue sheng liu xia shen me@f华应龙著
210    @a北京@c中国人民大学出版社@d2020.8
215    @a233页@d24cm
300    @a并列题名:What shall education leave for students
312    @a英文题名取自封面
314    @a华应龙, 江苏南通人, 特级教师, 正高级教师。
330    @a本书是对教育的“终极思考”, 但没有一篇是从理论到理论或者从理性到理性, 它们大多起于教育教学甚或日常生活的细水微澜、细枝末节, 可谓风起苹末, 却又能引发人们久久不止的阅读思考。
510 1  @aWhat shall education leave for students@zeng
606 0  @a学前教育@x教育研究
606 0  @a中小学教育@x教育研究
690    @aG612@v5
690    @aG632.0@v5
701  0 @a华应龙@Ahua ying long@4著
801    @aCN@bAHXH@c20210922
905    @b1357191-5@dG612@e2511@f5
    
    教育要给学生留下什么/华应龙著.-北京:中国人民大学出版社,2020.8
    233页;24cm
    并列题名:What shall education leave for students
    
    ISBN 978-7-300-27649-6:CNY58.00
    本书是对教育的“终极思考”, 但没有一篇是从理论到理论或者从理性到理性, 它们大多起于教育教学甚或日常生活的细水微澜、细枝末节, 可谓风起苹末, 却又能引发人们久久不止的阅读思考。
●
相关链接 在E读中查询图书 在五车中查询图书 在当当中查询图书 在豆瓣中查询图书


正题名:教育要给学生留下什么     索取号:G612/2511         预约/预借

序号 登录号 条形码 馆藏地/架位号 状态 备注
1 1357191   213571918   第一样本阅览室/ [索取号:G612/2511] 在馆    
2 1357192   213571927   教育系资料室/ [索取号:G612/2511] 在馆    
3 1357193   213571936   教育系资料室/ [索取号:G612/2511] 在馆    
4 1357194   213571945   第四借阅区/ [索取号:G612/2511] 在馆    
5 1357195   213571954   第四借阅区/ [索取号:G612/2511] 在馆    
唐山师范学院图书馆 欢迎您!
大连网信软件有限公司© 版权所有